000 00317nam a22001457a 4500
008 210430b ||||| |||| 00| 0 eng d
020 _a0195197879
041 _aeng
080 _a82
082 _a82
100 _a21
101 _aGJL
245 _aThe Twilight of Imperial Russia
_cCharques,R
942 _2udc
_cBK
999 _c57036
_d57036